| 000 | 00638nam a22001337a 4500 | ||
|---|---|---|---|
| 040 | _cRUA | ||
| 082 | _aAGR NHE 2017 B633 Or.1 | ||
| 100 | _aNHEN TITH ញឹន ទិត្យ | ||
| 245 | _aeffectiveness of insecticide utilization on pak choy ប្រសិទ្ធភាពនៃការប្រើប្រាស់ថ្នាំពលកសិកម្មសម្លាប់សត្វល្អិតលើដំណាំស្ពៃតឿ | ||
| 260 |
_aRUS _bphnom penh _c2017 |
||
| 300 |
_ax;41p _bill; _c29cm |
||
| 856 | _uhttps://drive.google.com/file/d/1uHl0SSCsZkh1L-in9alDf5lVNIQoQPWQ/view?usp=sharing | ||
| 942 | _cAGR | ||
| 999 |
_c17962 _d17962 |
||